Χρηματοοικονομική Διοίκηση / Θεωρία και Πρακτική (Record no. 3372)
[ view plain ]
| 000 -LEADER | |
|---|---|
| fixed length control field | 02404cam a22002174a 4500 |
| 005 - ΗΜΕΡΟΜΗΝΙΑ ΚΑΙ ΩΡΑ ΤΕΛΕΥΤΑΙΑΣ ΕΝΗΜΕΡΩΣΗΣ | |
| Πεδίο ελέγχου | 20250605164113.0 |
| 008 - FIXED-LENGTH DATA ELEMENTS--GENERAL INFORMATION | |
| Πεδίο ελέγχου σταθερού μήκους | 250528s ||||||||||||||||||||||||d |
| 035 ## - SYSTEM CONTROL NUMBER | |
| System control number | 17978 |
| 020 ## - ISBN | |
| ISBN | 9789608940710 |
| 040 ## - ΠΗΓΗ ΚΑΤΑΛΟΓΟΓΡΑΦΗΣΗΣ | |
| Φορέας πρωτότυπης καταλογογράφησης | MC Athens Campus Library |
| Γλώσσα καταλογογράφησης | Ελληνικά, Μοντέρνα (1453-) |
| Modifying agency | MC Athens Campus Library |
| Κανόνες περιγραφικής καταλογογράφησης | AACR2 |
| 245 1# - ΤΙΤΛΟΣ ΚΑΙ ΔΗΛΩΣΗ ΥΠΕΥΘΥΝΟΤΗΤΑΣ | |
| Τίτλος | Χρηματοοικονομική Διοίκηση / Θεωρία και Πρακτική |
| 250 ## - EDITION STATEMENT | |
| Edition statement | 1η |
| 260 ## - PUBLICATION, DISTRIBUTION, ETC. | |
| Name of publisher, distributor, etc. | Rosili, |
| Date of publication, distribution, etc. | 2008 |
| 300 ## - PHYSICAL DESCRIPTION | |
| Extent | 710 |
| 520 ## - SUMMARY, ETC. | |
| Summary, etc. | Σκοπός του βιβλίου αυτού είναι να παρουσιάσει και να αναλύσει τη θεωρία και τις πρακτικές εφαρμογές της Χρηματοοικονομικής Διοίκησης, με τρόπο ευανάγνωστο, έτσι ώστε να λύνει και όχι να δημιουργεί απορίες. Πρόλογος, Εισαγωγή, Διαχρονική Αξία του Χρήματος, Ανάλυση Χρηματοοικονομικών Δεικτών, Ανάλυση Ταμειακών Ροών, Κόστος Κεφαλαίου, Προϋπολογισμός Επενδύσεων Κεφαλαίου, Κίνδυνος και Προϋπολογισμός Επενδύσεων Κεφαλαίου, Ανάλυση Μόχλευσης, Κεφαλαιακή Διάρθρωση, Πολιτική Μερίσματος, Πρόβλεψη Χρηματοδοτικών Αναγκών, Διοίκηση Κεφαλαίου Κίνησης, Διοίκηση Διαθέσιμων, Διοίκησησ Χρεογράφων, Διοίκηση Απαιτήσεων, Διοίκηση Αποθεμάτων, Χρηματοδοτική Μίσθωση, Εταιρείες Κεφαλαίου Επιχειρηματικών Συμμετοχών, Πρακτορεία Επιχειρηματικών Απαιτήσεων, Μελέτες Περίπτωσης, Προσάρτημα, Η Τελική Αξία μιας Νομισματικής Μονάδος, Η Παρούσα Αξία μιας Νομισματικής Μονάδος, Η Τελική Αξία Σειράς Πληρωμών μιας Νομισματικής Μονάδος, Η Παρούσα Αξία Σειράς Πληρωμών μιας Νομισματικής Μονάδος. |
| 700 1# - ΠΡΟΣΘΕΤΗ ΑΝΑΓΡΑΦΗ--ΦΥΣΙΚΟ ΠΡΟΣΩΠΟ | |
| Personal name | Βασιλείου Δημήτρης |
| 9 (RLIN) | 4293 |
| 700 1# - ΠΡΟΣΘΕΤΗ ΑΝΑΓΡΑΦΗ--ΦΥΣΙΚΟ ΠΡΟΣΩΠΟ | |
| Personal name | Ηρειώτης Νικόλαος |
| 9 (RLIN) | 4294 |
| 942 ## - ADDED ENTRY ELEMENTS (KOHA) | |
| Koha item type | Books |
| Τύπος τεκμηρίου | Βιβλιοθήκη | Τρέχουσα τοποθεσία | Barcode | Αριθμός εισαγωγής | Ημερομηνία απόκτησης | Ταξιθετικό σύμβολο | Αριθμός αντιτύπου | Κατάσταση απόσυρσης | Κατάσταση χαμένου | Κατάσταση κατεστραμμένου | Μη δανεισμός | Σύνολο δανεισμών | Ημερομηνία τελευταίας εμφάνισης | Η τιμή ισχύει από |
|---|---|---|---|---|---|---|---|---|---|---|---|---|---|---|
| Books | MC Athens Campus Library | MC Athens Campus Library | 9780000033710 | 7419 | 05/06/2025 | 658.15 VAS | 1 | 05/06/2025 | 05/06/2025 |